000 00484nmm a2200169Ia 4500
008 251105s9999||||xx |||||||||||||||||und||
020 _a8497420381
041 _aspa
100 _aBentham, Jeremy
245 0 _aDe los delitos contra uno mismo
264 _a[Madrid, España] :
_bBiblioteca Nueva,
_c2002
300 _a128 páginas
490 _aClásicos del pensamiento
650 _aPhilosophy, Ethics
856 _uhttps://public.digitaliapublishing.com/a/4887
942 _cCF
999 _c74045
_d74045